000 00852nam a2200229Ia 4500
001 17120
003 GE_BSU
008 181216s||||||||xx |||||||||||||| ||und||
040 _cGE_BSU
080 _a821.353.1-1 + 821.353.1-144 + 821.353.1-11
100 _aგიგაური, გ. (გიორგი)
245 _aკენჭები კამკამა მორევში
245 _bლექსები, ბალადები, პოემები
260 _aთბილისი
260 _bსაბჭ. საქართველო
260 _c1988
300 _a303 გვ. : პორტრ. ; 20 სმ.
541 _h80თ.
653 _aკენჭები კამკამა მორევში
653 _aლექსები, ბალადები, პოემები
942 _cBK
999 _c50182
_d50182